100 Biggest Cities in Lithuania - Statistics

General Stats
  • This quiz has been taken 23 times
  • The average score is 37 of 100
Answers on the Map
Answers color-coded by a green-red scale on the quiz's map according to % correct below.
 
Answer Stats
Population Answer % Correct
592,156 Vilnius
100%
304,210 Kaunas
94%
159,403 Klaipėda
89%
86,606 Panevėžys
67%
110,463 Šiauliai
67%
51,353 Alytus
61%
36,704 Marijampolė
56%
18,066 Palanga
56%
16,002 Šilutė
56%
12,978 Druskininkai
50%
4,843 Ignalina
50%
26,838 Jonava
50%
23,362 Kėdainiai
50%
17,259 Plungė
50%
11,388 Rokiškis
50%
4,605 Šilalė
50%
22,024 Telšiai
50%
5,720 Trakai
50%
27,763 Utena
50%
8,534 Anykščiai
44%
11,455 Jurbarkas
44%
16,927 Kretinga
44%
33,377 Mažeikiai
44%
15,518 Radviliškis
44%
3,144 Rietavas
44%
7,866 Varėna
44%
19,330 Visaginas
44%
5,851 Zarasai
44%
2,294 Akmenė
39%
3,011 Birštonas
39%
12,536 Elektrėnai
39%
15,510 Gargždai
39%
8,437 Joniškis
39%
8,480 Kaišiadorys
39%
3,939 Kalvarija
39%
10,570 Kuršėnai
39%
3,817 Lazdijai
39%
5,611 Molėtai
39%
8,044 Naujoji Akmenė
39%
4,265 Neringa
39%
4,487 Pakruojis
39%
6,288 Pasvalys
39%
8,773 Prienai
39%
9,553 Raseiniai
39%
6,825 Šalčininkai
39%
5,650 Širvintos
39%
5,231 Skuodas
39%
4,292 Švenčionys
39%
21,216 Tauragė
39%
20,928 Ukmergė
39%
10,182 Vilkaviškis
39%
10,238 Biržai
33%
10,035 Garliava
33%
5,457 Kazlų Rūda
33%
6,107 Kupiškis
33%
4,495 Nemenčinė
33%
1,540 Pagėgiai
33%
5,348 Šakiai
33%
1,022 Veisiejai
33%
4,135 Vievis
33%
2,591 Ariogala
28%
990 Baltoji Vokė
28%
917 Daugai
28%
2,734 Eišiškės
28%
9,829 Grigiškės
28%
963 Joniškėlis
28%
7,344 Kelmė
28%
3,871 Kybartai
28%
9,589 Lentvaris
28%
1,218 Linkuva
28%
1,223 Priekulė
28%
1,183 Ramygala
28%
1,218 Salantai
28%
843 Seda
28%
2,367 Šeduva
28%
1,331 Skaudvilė
28%
875 Subačius
28%
4,536 Švenčionėliai
28%
590 Užventis
28%
764 Vabalninkas
28%
2,150 Venta
28%
1,226 Žagarė
28%
2,989 Žiežmariai
28%
661 Dūkštas
22%
1,004 Jieznas
22%
470 Kavarskas
22%
1,305 Kudirkos Naumiestis
22%
769 Obeliai
22%
4,636 Pabradė
22%
688 Pandėlys
22%
1,759 Tytuvėnai
22%
852 Varniai
22%
2,133 Viekšniai
22%
1,580 Ežerėlis
17%
1,497 Gelgaudiškis
17%
1,889 Rūdiškės
17%
894 Smalininkai
17%
1,694 Vilkija
17%
1,176 Simnas
11%
865 Virbalis
11%
No matching quizzes found
Score Distribution
Percent of People with Each Score
Percentile by Number Answered
Your Score History
You have not taken this quiz